5HLuxD.jpg

KING HENRY VIII SENIOR AND PRIMARY SCHOOL LIBRARY OPAC

The way of the samurai / (Record no. 2438)

000 -LEADER
fixed length control field 01809cam a2200433 a 4500
001 - CONTROL NUMBER
control field 1621922
003 - CONTROL NUMBER IDENTIFIER
control field OSt
005 - DATE AND TIME OF LATEST TRANSACTION
control field 20230601094033.0
008 - FIXED-LENGTH DATA ELEMENTS--GENERAL INFORMATION
fixed length control field 190805s2018 nyuab c 000 1 eng d
010 ## - LIBRARY OF CONGRESS CONTROL NUMBER
LC control number 2011279918
020 ## - INTERNATIONAL STANDARD BOOK NUMBER
International Standard Book Number 9780545341011
Qualifying information (pbk.) :
040 ## - CATALOGING SOURCE
Original cataloging agency KML
Language of cataloging eng
Transcribing agency KML
Description conventions aacr2
Modifying agency KH8
041 1# - LANGUAGE CODE
Language code of text/sound track or separate title eng
Language code of original ita
042 ## - AUTHENTICATION CODE
Authentication code nbic
043 ## - GEOGRAPHIC AREA CODE
Geographic area code a-ja---
082 0# - DEWEY DECIMAL CLASSIFICATION NUMBER
Classification number FIC STI
100 1# - MAIN ENTRY--PERSONAL NAME
Personal name Stilton, Geronimo.
Relator term Author
240 00 - UNIFORM TITLE
Uniform title Segreto dei tre samurai.
Language of a work English.
245 14 - TITLE STATEMENT
Title The way of the samurai /
Statement of responsibility, etc. [Text by] Geronimo Stilton ; [illustrations by Blasco Pisapia and Danilo Barozzi]
260 ## - PUBLICATION, DISTRIBUTION, ETC.
Place of publication, distribution, etc. New York :
Name of publisher, distributor, etc. Scholastic,
Date of publication, distribution, etc. 2018.
300 ## - PHYSICAL DESCRIPTION
Extent 106 p. :
Other physical details col. ill., maps ;
Dimensions 20 cm.
490 1# - SERIES STATEMENT
Series statement Geronimo Stilton ;
Volume/sequential designation 49.
500 ## - GENERAL NOTE
General note Lexile 660.
500 ## - GENERAL NOTE
General note Translation of: Segreto dei tre samurai.
520 ## - SUMMARY, ETC.
Summary, etc. When Wild Willie showed up at my door and invited me to travel with him to Japan, I jumped at the chance. We were in search of an ancient, legendary samurai scroll that holds the secret to a long-lost fighting technique. The scroll had fallen into the wrong hands, and it was up to me and Wild Willie to track it down and save the day. But first, we would have to fight a group of talented ninjas. Holey cheese -- this would be one adventure I would never forget!
521 8# - TARGET AUDIENCE NOTE
Target audience note RL3.
521 8# - TARGET AUDIENCE NOTE
Target audience note 007-010.
650 #0 - SUBJECT ADDED ENTRY--TOPICAL TERM
Topical term or geographic name entry element Mice
Form subdivision Juvenile fiction.
650 #0 - SUBJECT ADDED ENTRY--TOPICAL TERM
Topical term or geographic name entry element Animals
Form subdivision Juvenile fiction.
650 #0 - SUBJECT ADDED ENTRY--TOPICAL TERM
Topical term or geographic name entry element Journalists
Form subdivision Juvenile fiction.
650 #0 - SUBJECT ADDED ENTRY--TOPICAL TERM
Topical term or geographic name entry element Adventure stories
Form subdivision Juvenile fiction.
650 #0 - SUBJECT ADDED ENTRY--TOPICAL TERM
Topical term or geographic name entry element Samurai
Form subdivision Juvenile fiction.
650 #0 - SUBJECT ADDED ENTRY--TOPICAL TERM
Topical term or geographic name entry element Ninja
Form subdivision Juvenile fiction.
650 #0 - SUBJECT ADDED ENTRY--TOPICAL TERM
Topical term or geographic name entry element Scrolls
Form subdivision Juvenile fiction.
700 1# - ADDED ENTRY--PERSONAL NAME
Personal name Pisapia, Blasco.
Relator term Illustrator
700 1# - ADDED ENTRY--PERSONAL NAME
Personal name Barozzi, Danilo.
Relator term Illustrator
830 #0 - SERIES ADDED ENTRY--UNIFORM TITLE
Uniform title Geronimo Stilton ;
Volume/sequential designation 49.
942 ## - ADDED ENTRY ELEMENTS (KOHA)
Source of classification or shelving scheme
Koha item type Books - Fiction
Holdings
Withdrawn status Lost status Source of classification or shelving scheme Damaged status Not for loan Collection code Permanent Location Current Location Shelving location Date acquired Total Checkouts Full call number Barcode Date last seen Date last checked out Price effective from Koha item type
          Fiction KH8 Primary School Library KH8 Primary School Library Fiction 2023-06-01 17 FIC STI KHPL000004185 2025-12-05 2025-11-12 2023-06-01 Books - Fiction

Powered By KH8 IT Dept